UBT Library

McGraw-Hill's 500 macroeconomics questions : (Record no. 682)

000 -LEADER
fixed length control field 00607nam a22001937a 4500
008 - FIXED-LENGTH DATA ELEMENTS--GENERAL INFORMATION
fixed length control field 150410b xxu||||| |||| 00| 0 eng d
020 ## - INTERNATIONAL STANDARD BOOK NUMBER
International Standard Book Number 9780071780483
041 0# - LANGUAGE CODE
Language code of text/sound track or separate title eng
080 ## - UNIVERSAL DECIMAL CLASSIFICATION NUMBER
Universal Decimal Classification number 330.101.542
100 1# - Rafti
Rafti Dodge, Eric R.
245 10 - TITLE STATEMENT
Title McGraw-Hill's 500 macroeconomics questions :
Statement of responsibility, etc Eric R. Dodge and Melanie E. Fox.
246 30 - VARYING FORM OF TITLE
Title proper/short title 500 macroeconomics questions
246 30 - VARYING FORM OF TITLE
Title proper/short title Five hundred macroeconomics questions
260 ## -
-- New York :
-- McGraw-Hill,
-- 2013.
300 ## -
-- 232 f.:
-- me il.;
-- 23 cm.
650 #0 -
-- Mikroekonomi
700 1# -
-- Fox, Melanie.
942 ## - ADDED ENTRY ELEMENTS (KOHA)
Source of classification or shelving scheme
Item type Books
Holdings
Withdrawn status Lost status Source of classification or shelving scheme Damaged status Not for loan Collection code Permanent location Current location Shelving location Date acquired Total Checkouts Full call number Date last seen Koha item type
          Koleksioni i përgjithshem UBT - Lipjan UBT - Lipjan Koleksioni i përgjithshem 04/10/2015   330.101.542 DOD 04/10/2015 Books
UBT Library © 2015-2024. All rights reserved University Education for Business and Technology